| 000 | 00666cam a22001697a 4500 | ||
|---|---|---|---|
| 008 | 180718b1993 xxu||||| |||| 00| 0 eng d | ||
| 082 | _aN6000 In2 | ||
| 100 | _aIndia Disaster Management Training Country Workshop, 1993 12 - 16 July: IIPA: New Delhi | ||
| 245 | _aOverview of disaster management | ||
| 260 |
_aNew Delhi _bIndian Institute of Public Administration _c1993 |
||
| 300 | _a229p. | ||
| 650 | _aDisaster management | ||
| 650 | _aDisaster preparedness | ||
| 700 | _aIndian Institute of Public Administration | ||
| 700 | _aAsian Disaster Preparedness Center, Bangkok | ||
| 700 | _aDepartment of Agriculture and Cooperation, Ministry of Agriculture, India | ||
| 999 |
_c476359 _d476359 |
||